Problemas de una ética filosófica / (Record no. 36114)

MARC details
000 -LEADER
campo de control de longitud fija 00627nam a2200193 i 4500
001 - NÚMERO DE CONTROL
campo de control 36114
003 - IDENTIFICADOR DE NÚMERO DE CONTROL
campo de control ES-MaACL
007 - CAMPO FIJO DE DESCRIPCIÓN FÍSICA--INFORMACIÓN GENERAL
campo de control de longitud fija t|
008 - DATOS DE LONGITUD FIJA--INFORMACIÓN GENERAL
campo de control de longitud fija 030217s1983 sp ||||1| spa d
100 1# - ENTRADA PRINCIPAL--NOMBRE DE PERSONA
Nombre de persona Brandenstein, Béla Freiherr von.
9 (RLIN) 31337
245 10 - MENCIÓN DEL TÍTULO
Título Problemas de una ética filosófica /
Mención de responsabilidad, etc. Béla Freiherr von Brandenstein ; [versión... de Claudio Grancho].
260 ## - PUBLICACIÓN, DISTRIBUCIÓN, ETC.
Lugar de publicación, distribución, etc. Barcelona :
Nombre del editor, distribuidor, etc. Herder,
Fecha de publicación, distribución, etc. 1983.
300 ## - DESCRIPCIÓN FÍSICA
Extensión 175 p. ;
Dimensiones 22 cm.
490 1# - MENCIÓN DE SERIE
Mención de serie Biblioteca de filosofía
700 1# - ENTRADA AGREGADA--NOMBRE PERSONAL
Nombre de persona Gancho, Claudio
9 (RLIN) 53818
830 0# - PUNTO DE ACCESO ADICIONAL DE SERIE-TÍTULO UNIFORME
Título uniforme Biblioteca de filosofía
9 (RLIN) 181615
852 ## - LOCALIZACIÓN
Ubicación ES-MaACL
Número de control de estantería L-4263
Sublocalización o colección R.104891
Holdings
Estatus retirado Estado de pérdida Estado de daño No para préstamo Biblioteca de origen Biblioteca actual Ubicación en estantería Fecha de adquisición Fuente de adquisición Total de préstamos Signatura topográfica completa Código de barras Visto por última vez Precio de reemplazo Tipo de ítem Koha
        Biblioteca del Ateneo de Madrid Biblioteca del Ateneo de Madrid Depósito 2 17/01/2008     L-4263 1037901 23/02/2023 23/02/2023 Libro impreso